ষোড়শ শতকের বাংলা সাহিত্য / (Record no. 48593)
[ view plain ]
| 000 -LEADER | |
|---|---|
| fixed length control field | 00886nam a2200229 a 4500 |
| 001 - CONTROL NUMBER | |
| control field | 48593 |
| 003 - CONTROL NUMBER IDENTIFIER | |
| rucl marc code | BD-RjUL |
| 005 - DATE AND TIME OF LATEST TRANSACTION | |
| control field | 20211209054542.0 |
| 008 - FIXED-LENGTH DATA ELEMENTS--GENERAL INFORMATION | |
| fixed length control field | 160814s1954 ii ||||| |||| 00| 0 ben d |
| 020 ## - INTERNATIONAL STANDARD BOOK NUMBER | |
| Terms of availability | : IRs. 2.12 |
| 035 ## - SYSTEM CONTROL NUMBER | |
| System control number | (BD-RjUL)48712 |
| 040 ## - CATALOGING SOURCE | |
| Original cataloging agency | BD-RjUL |
| Language of cataloging | ben |
| Transcribing agency | BD-RjUL |
| 041 ## - LANGUAGE CODE | |
| Language code of text/sound track or separate title | ben |
| 082 ## - DEWEY DECIMAL CLASSIFICATION NUMBER | |
| Edition number | 23 |
| Classification number | 891.4409 |
| Author mark and year | SES 1954 |
| 100 1# - MAIN ENTRY--PERSONAL NAME | |
| Personal name | সেন, ত্রিপুরাশঙ্কর |
| 9 (RLIN) | 146801 |
| 245 10 - TITLE STATEMENT | |
| Title | ষোড়শ শতকের বাংলা সাহিত্য / |
| 260 ## - PUBLICATION, DISTRIBUTION, ETC. (IMPRINT) | |
| Place of publication, distribution, etc. | কলিকাতা : |
| Name of publisher, distributor, etc. | প্রফুল্ল-কুমুদ লাইব্রারী, |
| Date of publication, distribution, etc. | ১৯৫৪ |
| 300 ## - PHYSICAL DESCRIPTION | |
| Pagination | ১৬৭ পৃ. ; |
| Size | ১২ সেমি. |
| 650 ## - SUBJECT ADDED ENTRY--TOPICAL TERM | |
| Topical term or geographic name as entry element | বাংলা সাহিত্য |
| Form subdivision | ইতিহাস ও সমালোচনা |
| 9 (RLIN) | 117445 |
| Topical term or geographic name as entry element | Bengali Literature |
| Form subdivision | History and Criticism |
| 9 (RLIN) | 146802 |
| 942 ## - ADDED ENTRY ELEMENTS (KOHA) | |
| Source of classification or shelving scheme | Dewey Decimal Classification |
| Koha item type | Books |
| Lost status | Source of classification or shelving scheme | Damaged status | Not for loan | Collection code | Permanent Location | Current Location | Shelving location | Date acquired | Source of acquisition | Cost, normal purchase price | Total Checkouts | Full call number | Date last seen | Copy number | Koha item type |
|---|---|---|---|---|---|---|---|---|---|---|---|---|---|---|---|
| Dewey Decimal Classification | Non-fiction | Central Library, University of Rajshahi | Central Library, University of Rajshahi | 08/07/1960 | Warshi book corporation, | 2.12 | B 891.4409 SES 1954 | 14/08/2016 | C-2 | Books | |||||
| Dewey Decimal Classification | Non-fiction | Central Library, University of Rajshahi | Central Library, University of Rajshahi | 22/10/1963 | komla books | 0.00 | B 891.4409 SES 1954 | 18/08/2016 | C-3 | Books | |||||
| Dewey Decimal Classification | Non-fiction | Central Library, University of Rajshahi | Central Library, University of Rajshahi | 29/04/1963 | komla books | 2.75 | B 891.4409 SES 1954 | 20/08/2016 | C-4 | Books | |||||
| Dewey Decimal Classification | Non-fiction | Central Library, University of Rajshahi | Central Library, University of Rajshahi | 29/04/1963 | komla books | 2.75 | B 891.4409 SES 1954 | 20/08/2016 | C-5 | Books |